000 00360nam a2200157Ia 4500
008 221030s9999 xx 000 0 und d
020 _a8178840251
041 _aEnglish
082 _a105.23
_bBah
100 _aR. Bahl
245 0 _aExploring Access 2002
260 _bCyber Tech Pub
_aNew Delhi
_c2001
300 _a220
650 _aComputers
942 _cBK
999 _c1378
_d1378